[Event "XIV Miedzynarodowe Mistrzostwa Gdanska "]
[Site "Centrum Edukacji Nauczycieli "]
[Date "2012.??.??"]
[Round "4.33"]
[White "Szymanowski, Igor"]
[Black "Ciesielski, Tomasz"]
[Result "0-1"]
[WhiteElo "1639"]
[BlackElo "1837"]
[PlyCount "104"]
[EventDate "2012.??.??"]

1. e4 e6 2. d4 d5 3. e5 c5 4. c3 Nc6 5. Nf3 Qb6 6. a3 Bd7 7. b4 c4 8. Bf4 Nge7
9. Nbd2 Ng6 10. Bg3 Be7 11. Be2 f5 12. exf6 Bxf6 13. a4 Nce7 14. h3 Nf5 15. Bh2
O-O 16. g4 Nfh4 17. g5 Bxg5 18. Rg1 Nxf3+ 19. Nxf3 Bf4 20. Bxf4 Rxf4 21. Qd2
Raf8 22. h4 Qd8 23. h5 Nh4 24. Nxh4 Qxh4 25. O-O-O Bxa4 26. Rde1 Rxf2 27. Rg4
Qf6 28. Reg1 Rf7 29. Kb1 Qf5+ 30. Kc1 Rh2 31. R4g2 Rxg2 32. Rxg2 Qf4 33. Qxf4
Rxf4 34. Bg4 Kf7 35. Be2 Be8 36. Kd2 Rf6 37. Ke3 Rh6 38. Rf2+ Ke7 39. Rg2 g6
40. hxg6 Rh3+ 41. Kf4 Bxg6 42. Rg3 Rxg3 43. Kxg3 Kf6 44. Kf4 Bc2 45. Bh5 Ba4
46. Be2 b6 47. Bf3 a5 48. bxa5 bxa5 49. Bh5 Bc2 50. Be8 a4 51. Bxa4 Bxa4 52.
Ke3 Bc2 0-1

[Event "XIV Miedzynarodowe Mistrzostwa Gdanska "]
[Site "Centrum Edukacji Nauczycieli "]
[Date "2012.??.??"]
[Round "4.34"]
[White "Szymanowski, Mateusz"]
[Black "Badyra, Wasyl"]
[Result "1-0"]
[WhiteElo "1833"]
[BlackElo "1650"]
[PlyCount "37"]
[EventDate "2012.??.??"]

1. e4 c6 2. d4 d5 3. f3 dxe4 4. fxe4 e5 5. Nf3 exd4 6. Bc4 Nf6 7. O-O Bg4 8.
Bxf7+ Kxf7 9. Ne5+ Ke8 10. Nxg4 Nbd7 11. Qf3 Bd6 12. e5 Bxe5 13. Nxe5 Nxe5 14.
Re1 Qe7 15. Qg3 Kf7 16. Qxe5 Qb4 17. Qe6+ Kg6 18. a3 Qc5 19. Re5 1-0

[Event "XIV Miedzynarodowe Mistrzostwa Gdanska "]
[Site "Centrum Edukacji Nauczycieli "]
[Date "2012.??.??"]
[Round "4.36"]
[White "Garbowski, Jakub"]
[Black "Albin, Grzegorz"]
[Result "0-1"]
[WhiteElo "1572"]
[BlackElo "1804"]
[PlyCount "118"]
[EventDate "2012.??.??"]

1. e4 Nf6 2. e5 Nd5 3. d4 d6 4. c4 Nb6 5. exd6 exd6 6. Nc3 Be7 7. Bd3 Nc6 8.
Nge2 Bg4 9. f3 Bh5 10. O-O Bg6 11. b3 Nd7 12. Bb2 Nf6 13. Nf4 Qd7 14. Ncd5
O-O-O 15. b4 Nxd5 16. Nxd5 Bf6 17. b5 Ne7 18. a4 Nxd5 19. cxd5 Rhe8 20. Qd2 Re7
21. a5 Rde8 22. b6 cxb6 23. axb6 a6 24. Rfc1+ Kb8 25. Rc7 Qd8 26. Rac1 Bxd3 27.
Rc8+ Qxc8 28. Rxc8+ Rxc8 29. Qxd3 g6 30. Ba3 Rd7 31. Qe3 Rc4 32. Qe8+ Rd8 33.
Qxf7 Bxd4+ 34. Kf1 Bxb6 35. Qe7 Rc2 36. g4 Rdc8 37. Qxd6+ Ka7 38. Qf4 Rf2+ 39.
Ke1 Rcc2 40. Bb4 Rxh2 41. Kd1 Ra2 42. Bd2 Raxd2+ 43. Qxd2 Rxd2+ 44. Kxd2 Kb8
45. Kd3 Kc7 46. f4 Kd6 47. Kc4 Be3 48. f5 gxf5 49. gxf5 Bg5 50. Kd4 Bf6+ 51.
Kc4 b5+ 52. Kb4 Kxd5 53. Ka5 h5 54. Kxa6 h4 55. Kxb5 h3 56. Kb4 h2 57. Kb5 h1=Q
58. Kb6 Qc1 59. Kb7 Qc6+ 0-1

[Event "XIV Miedzynarodowe Mistrzostwa Gdanska "]
[Site "Centrum Edukacji Nauczycieli "]
[Date "2012.??.??"]
[Round "4.38"]
[White "Kindler, Przemyslaw"]
[Black "Kostecki, Samuel"]
[Result "1-0"]
[WhiteElo "1787"]
[BlackElo "1447"]
[PlyCount "67"]
[EventDate "2012.??.??"]

1. e4 c5 2. Nf3 e6 3. d4 cxd4 4. Nxd4 a6 5. c4 Nf6 6. Nc3 Bb4 7. Bg5 Qa5 8. Bd2
Nc6 9. Nxc6 dxc6 10. a3 Bxc3 11. Bxc3 Qc7 12. Bd3 e5 13. O-O c5 14. f4 Bg4 15.
Bxe5 Bxd1 16. Bxc7 Ba4 17. e5 Nd7 18. Be4 Rc8 19. Bd6 Bc6 20. Bxc6 Rxc6 21.
Rac1 Nb6 22. Rfd1 Nc8 23. Re1 Kd7 24. Bb8 Ke6 25. g4 g6 26. Red1 Nb6 27. Rd6+
Rxd6 28. Bxd6 Rc8 29. b3 Kd7 30. Rc3 Ke8 31. Rh3 Kd7 32. Rxh7 Ke6 33. f5+ gxf5
34. gxf5+ 1-0

[Event "XIV Miedzynarodowe Mistrzostwa Gdanska "]
[Site "Centrum Edukacji Nauczycieli "]
[Date "2012.??.??"]
[Round "4.42"]
[White "Wyczling, Artur"]
[Black "Przybylowicz, Kazimierz"]
[Result "1-0"]
[WhiteElo "1499"]
[BlackElo "1724"]
[PlyCount "66"]
[EventDate "2012.??.??"]

1. d4 Nf6 2. c4 g6 3. Nc3 Bg7 4. e4 d6 5. f3 Nbd7 6. Be3 c5 7. d5 a6 8. a4 O-O
9. Nge2 Qc7 10. Ng3 e6 11. Be2 exd5 12. cxd5 Re8 13. O-O Rb8 14. Qd2 Nf8 15. h3
Bd7 16. a5 b5 17. axb6 Qxb6 18. Rab1 Bb5 19. Nxb5 axb5 20. b4 Qc7 21. bxc5 dxc5
22. Bf4 Qd7 23. Bxb8 Rxb8 24. Qa5 Qd6 25. f4 N6d7 26. Bxb5 Bd4+ 27. Kh1 Qe7 28.
Bxd7 Rxb1 29. Rxb1 Nxd7 30. Qc7 Qh4 31. Qxd7 Qxg3 32. Qg4 Qd3 33. Rc1 Bf2 1-0

[Event "XIV Miedzynarodowe Mistrzostwa Gdanska "]
[Site "Centrum Edukacji Nauczycieli "]
[Date "2012.??.??"]
[Round "4.43"]
[White "Kotlowska, Anna"]
[Black "Zelajtys, Jozef"]
[Result "1-0"]
[WhiteElo "1647"]
[BlackElo "1628"]
[PlyCount "57"]
[EventDate "2012.??.??"]

1. e4 e6 2. d4 d5 3. exd5 exd5 4. Bd3 Nf6 5. Nf3 h6 6. O-O Bd6 7. Re1+ Be6 8.
Bf5 Qe7 9. Bxe6 fxe6 10. Qe2 Ne4 11. Nbd2 O-O 12. Nxe4 dxe4 13. Qxe4 Re8 14.
Qxb7 Nd7 15. c4 Bb4 16. Re2 Rab8 17. Qe4 Rbc8 18. a3 Nf6 19. Qd3 Bd6 20. c5
Bxc5 21. dxc5 Qxc5 22. Be3 Qh5 23. h3 e5 24. Qc4+ Kh8 25. Rc1 a5 26. Rcc2 Rcd8
27. Red2 Rxd2 28. Nxd2 Qg6 29. Qxc7 1-0

[Event "XIV Miedzynarodowe Mistrzostwa Gdanska "]
[Site "Centrum Edukacji Nauczycieli "]
[Date "2012.??.??"]
[Round "4.44"]
[White "Zaytseva, Kira"]
[Black "Belczewski, Jacek"]
[Result "0-1"]
[WhiteElo "1643"]
[BlackElo "1498"]
[PlyCount "70"]
[EventDate "2012.??.??"]

1. e4 e6 2. d4 d5 3. e5 c5 4. Qg4 Nc6 5. Nf3 cxd4 6. Bd3 Nge7 7. O-O Ng6 8. Re1
Be7 9. a3 Bd7 10. b4 Qc7 11. Qg3 O-O-O 12. Nbd2 f6 13. Bxg6 hxg6 14. exf6 Bd6
15. Qxg6 Bxh2+ 16. Kf1 Ne5 17. Nxe5 Bxe5 18. Qd3 a6 19. a4 Bxf6 20. b5 Rh1+ 21.
Ke2 Qe5+ 22. Ne4 Rxe1+ 23. Kxe1 Qxe4+ 24. Qxe4 dxe4 25. b6 d3 26. Ra2 Bc3+ 27.
Bd2 Bxd2+ 28. Kxd2 Bc6 29. c3 Rd5 30. a5 Rg5 31. g3 Rf5 32. Ke3 e5 33. f4 exf3
34. Rf2 Rg5 35. Kxd3 Rxg3 0-1

[Event "XIV Miedzynarodowe Mistrzostwa Gdanska "]
[Site "Centrum Edukacji Nauczycieli "]
[Date "2012.??.??"]
[Round "4.45"]
[White "Wozniak, Konrad"]
[Black "Pawlowski, Pawel"]
[Result "0-1"]
[WhiteElo "1595"]
[BlackElo "1837"]
[PlyCount "52"]
[EventDate "2012.??.??"]

1. d4 d5 2. c4 c6 3. Nf3 a6 4. Nc3 Nf6 5. e3 Nbd7 6. a4 e6 7. Bd3 dxc4 8. Bxc4
Nb6 9. Bd3 Nbd5 10. O-O Be7 11. Re1 O-O 12. Bd2 c5 13. Bc4 cxd4 14. Nxd4 g6 15.
Bxd5 Nxd5 16. Nxd5 Qxd5 17. Bc3 Rd8 18. Qb3 Qxb3 19. Nxb3 Bd7 20. a5 Rac8 21.
Red1 Be8 22. Rac1 Rxd1+ 23. Rxd1 Ba4 24. Rd4 Bxb3 25. Rd7 Rd8 26. Rxd8+ Bxd8
0-1

[Event "XIV Miedzynarodowe Mistrzostwa Gdanska "]
[Site "Centrum Edukacji Nauczycieli "]
[Date "2012.??.??"]
[Round "4.46"]
[White "Zaleski, Lukasz"]
[Black "Gostomski, Mariusz"]
[Result "1-0"]
[WhiteElo "1652"]
[BlackElo "1588"]
[PlyCount "55"]
[EventDate "2012.??.??"]

1. Nf3 Nf6 2. g3 g6 3. Bg2 Bg7 4. O-O O-O 5. d3 d6 6. e4 c5 7. Nc3 Nc6 8. h3
Rb8 9. a4 b6 10. Be3 Bd7 11. Qd2 a6 12. Bh6 e6 13. Bxg7 Kxg7 14. Nh4 Nd4 15. f4
Nh5 16. Kh2 f5 17. Nf3 Nxf3+ 18. Bxf3 Nf6 19. Rfe1 Bc6 20. Qg2 Nd7 21. exf5
Bxf3 22. Qxf3 exf5 23. Qc6 Nf6 24. Re6 Kf7 25. Rae1 Re8 26. Rxd6 Rc8 27. Rxe8
Nxe8 28. Qd5+ 1-0

[Event "XIV Miedzynarodowe Mistrzostwa Gdanska "]
[Site "Centrum Edukacji Nauczycieli "]
[Date "2012.??.??"]
[Round "4.47"]
[White "Tamon, Radoslaw"]
[Black "Aftanasiuk, Jakub"]
[Result "1/2-1/2"]
[WhiteElo "1623"]
[BlackElo "1548"]
[PlyCount "81"]
[EventDate "2012.??.??"]

1. e4 e6 2. d4 d5 3. exd5 exd5 4. Nf3 Bd6 5. Be3 Bg4 6. h3 Bh5 7. Bd3 Ne7 8.
Nbd2 c6 9. c3 Qc7 10. Qc2 Nd7 11. O-O Bg6 12. b4 Bxd3 13. Qxd3 h6 14. a4 f5 15.
Nb3 g5 16. Nc5 Bxc5 17. dxc5 O-O-O 18. Bd4 Rhg8 19. Rfe1 Ng6 20. Qxf5 Rdf8 21.
Qg4 Rf4 22. Qe6 Rff8 23. Ne5 Re8 24. Qxd7+ Qxd7 25. Nxd7 Kxd7 26. g3 h5 27. Kf1
h4 28. Rxe8 Rxe8 29. Re1 Rxe1+ 30. Kxe1 Ke6 31. Ke2 Kf5 32. Kf3 a6 33. Ke3 g4
34. hxg4+ Kxg4 35. gxh4 Nxh4 36. Kd3 Nf5 37. c4 dxc4+ 38. Kxc4 Kf3 39. Kd3 Ne7
40. Kc3 Nd5+ 41. Kc4 1/2-1/2

[Event "XIV Miedzynarodowe Mistrzostwa Gdanska "]
[Site "Centrum Edukacji Nauczycieli "]
[Date "2012.??.??"]
[Round "4.37"]
[White "Serbinowski, Mieczyslaw"]
[Black "Zhuk, Dmitriy"]
[Result "1-0"]
[WhiteElo "1802"]
[BlackElo "1605"]
[PlyCount "75"]
[EventDate "2012.??.??"]

1. e4 e6 2. f4 d5 3. e5 c5 4. c3 Nc6 5. d4 Nh6 6. Nf3 cxd4 7. cxd4 Nf5 8. Nc3
Qb6 9. Bb5 Bd7 10. Bxc6 Bxc6 11. O-O Be7 12. g4 Nh4 13. Nxh4 Bxh4 14. Na4 Qb4
15. Nc5 b6 16. Na6 Qe7 17. Qb3 Qd7 18. a4 O-O 19. Nb4 Bb7 20. Be3 Bd8 21. Rfc1
a5 22. Nd3 Ba6 23. Rc3 f6 24. Rac1 Bc4 25. Qc2 fxe5 26. Nxe5 Qb7 27. Nxc4 dxc4
28. Qg2 Qa6 29. Rxc4 Be7 30. Qc6 b5 31. axb5 Qxc6 32. Rxc6 Rab8 33. b6 Kf7 34.
d5 exd5 35. Rc7 Rfd8 36. Bc5 Re8 37. Re1 a4 38. Rexe7+ 1-0

[Event "XIV Miedzynarodowe Mistrzostwa Gdanska "]
[Site "CEN Gdansk"]
[Date "2012.??.??"]
[Round "5.1"]
[White "Cyborowski, Lukasz"]
[Black "Kempinski, Tomasz"]
[Result "1-0"]
[WhiteElo "2555"]
[BlackElo "2204"]
[PlyCount "91"]
[EventDate "2012.??.??"]

1. e4 c5 2. Nf3 e6 3. Nc3 a6 4. d4 cxd4 5. Nxd4 Nc6 6. Be3 Qc7 7. Qd2 Nf6 8. f3
Be7 9. g4 O-O 10. O-O-O d6 11. g5 Nd7 12. h4 b5 13. Kb1 Nde5 14. f4 Nxd4 15.
Qxd4 Nc4 16. Bxc4 Qxc4 17. Qxc4 bxc4 18. Rd4 f5 19. exf5 d5 20. fxe6 Bc5 21.
Nxd5 Bxd4 22. Bxd4 Bb7 23. Ne7+ Kh8 24. Rf1 Rad8 25. Ng6+ hxg6 26. e7 Rfe8 27.
exd8=Q Rxd8 28. Rd1 Kg8 29. Kc1 Kf7 30. Bb6 Rxd1+ 31. Kxd1 Ke6 32. Kd2 Be4 33.
Kc3 Kd5 34. Bc7 Bf5 35. Be5 Be4 36. Bxg7 Bf5 37. Bd4 Be4 38. Be5 Bf5 39. b3
cxb3 40. axb3 Be4 41. Kb2 Kc5 42. c4 Bf5 43. Kc3 Kc6 44. b4 Bg4 45. Kd4 Be2 46.
f5 1-0

[Event "XIV Miedzynarodowe Mistrzostwa Gdanska "]
[Site "CEN Gdansk"]
[Date "2012.??.??"]
[Round "5.2"]
[White "Piesik, Piotr"]
[Black "Malisauskas, Vidmantas"]
[Result "0-1"]
[WhiteElo "2226"]
[BlackElo "2460"]
[PlyCount "124"]
[EventDate "2012.??.??"]

1. d4 Nf6 2. Nf3 g6 3. g3 Bg7 4. Bg2 O-O 5. O-O d5 6. c4 dxc4 7. Na3 c3 8. bxc3
c5 9. Qb3 cxd4 10. Nxd4 Nbd7 11. Rb1 a6 12. Nc4 Qc7 13. Ba3 Re8 14. Rfc1 Bf8
15. Nb6 Nxb6 16. Qxb6 Qxb6 17. Rxb6 Nd7 18. Rb2 Ra7 19. c4 b6 20. Nc2 Rc7 21.
Ne3 e6 22. Bxf8 Kxf8 23. Rd1 Ke7 24. f4 f5 25. Rd4 a5 26. Rbd2 Nc5 27. Kf1 Ba6
28. Rd6 Rb8 29. Bc6 Rbc8 30. Bf3 Rd7 31. Rxd7+ Nxd7 32. Rd4 Nf6 33. Ke1 Ne8 34.
Kd2 Nd6 35. a4 Nxc4+ 36. Nxc4 Rxc4 37. Rxc4 Bxc4 38. e3 Bb3 39. Bc6 Kd6 40. Bb5
Bd5 41. Bd3 Bc6 42. Bc2 Kc5 43. Kc3 b5 44. axb5 Kxb5 45. Bd3+ Kc5 46. Bc4 Bd5
47. Ba6 a4 48. Bd3 a3 49. Ba6 Kd6 50. Bd3 e5 51. fxe5+ Kxe5 52. h4 Be6 53. Bc2
Kd6 54. e4 Ke5 55. exf5 Bxf5 56. Bb3 h5 57. Bf7 Ke4 58. g4 hxg4 59. h5 gxh5 60.
Bxh5 g3 61. Be8 Ke3 62. Bc6 Be4 0-1

[Event "XIV Miedzynarodowe Mistrzostwa Gdanska "]
[Site "CEN Gdansk"]
[Date "2012.??.??"]
[Round "5.3"]
[White "Grabarczyk, Miroslaw"]
[Black "Khamitskiy, Sergei"]
[Result "1/2-1/2"]
[WhiteElo "2442"]
[BlackElo "2290"]
[PlyCount "29"]
[EventDate "2012.??.??"]

1. d4 d5 2. Nf3 Nf6 3. g3 c5 4. Bg2 cxd4 5. O-O h6 6. Nxd4 e5 7. Nb3 Nc6 8. c4
d4 9. e3 Bg4 10. Qd2 d3 11. Nc3 Be6 12. Ne4 Bxc4 13. Qc3 Ba6 14. Nec5 Nd5 15.
Qd2 1/2-1/2

[Event "XIV Miedzynarodowe Mistrzostwa Gdanska "]
[Site "CEN Gdansk"]
[Date "2012.??.??"]
[Round "5.6"]
[White "Kotlowski, Tomasz"]
[Black "Zolnierowicz, Krzysztof"]
[Result "1/2-1/2"]
[WhiteElo "1995"]
[BlackElo "2226"]
[PlyCount "24"]
[EventDate "2012.??.??"]

1. d4 d5 2. Nf3 e6 3. c4 c5 4. cxd5 exd5 5. Nc3 Nc6 6. Bg5 f6 7. Be3 c4 8. g3
Nge7 9. Bg2 Nf5 10. Bc1 Be6 11. O-O Qd7 12. b3 cxb3 1/2-1/2

[Event "XIV Miedzynarodowe Mistrzostwa Gdanska "]
[Site "CEN Gdansk"]
[Date "2012.??.??"]
[Round "5.7"]
[White "Pioch, Zygmunt"]
[Black "Stovring, Claus"]
[Result "1-0"]
[WhiteElo "2120"]
[BlackElo "2013"]
[PlyCount "85"]
[EventDate "2012.??.??"]

1. e4 e5 2. Nf3 Nf6 3. Nxe5 d6 4. Nf3 Nxe4 5. c4 Be7 6. d4 O-O 7. Bd3 Ng5 8.
Be3 Nc6 9. Nbd2 Re8 10. h3 Bf6 11. O-O d5 12. cxd5 Qxd5 13. Nxg5 Bxg5 14. Qh5
Rxe3 15. Qxh7+ Kf8 16. Bc4 Rxh3 17. gxh3 Qxd4 18. Nf3 Qf6 19. Rfe1 Be6 20. Qh8+
Ke7 21. Qh5 Bf4 22. Bxe6 fxe6 23. Qg4 Be5 24. Qg5 Nd4 25. Qxf6+ gxf6 26. Nxd4
Bxd4 27. Rac1 c5 28. b4 Rg8+ 29. Kf1 b6 30. bxc5 bxc5 31. Rc4 Rh8 32. Ra4 Ra8
33. Rb1 Kd6 34. Ra6+ Kd5 35. Rb7 c4 36. Rd7+ Ke5 37. f4+ Ke4 38. Rxe6+ Kf3 39.
Rxd4 Rb8 40. Rxc4 Rb1+ 41. Re1 Rb2 42. Rc3+ Kxf4 43. Re2 1-0

[Event "XIV Miedzynarodowe Mistrzostwa Gdanska "]
[Site "CEN Gdansk"]
[Date "2012.??.??"]
[Round "5.8"]
[White "Ulanowski, Karol"]
[Black "Olejarczyk, Bogdan"]
[Result "1-0"]
[WhiteElo "1987"]
[BlackElo "2117"]
[PlyCount "69"]
[EventDate "2012.??.??"]

1. e4 c5 2. Nf3 d6 3. d4 cxd4 4. Nxd4 Nf6 5. Nc3 a6 6. Bg5 e6 7. Qf3 Nbd7 8.
O-O-O Qc7 9. g4 Ne5 10. Qg3 Bd7 11. f4 Nc6 12. Bg2 Nxd4 13. Rxd4 Be7 14. Rhd1
Bc6 15. e5 dxe5 16. Bxc6+ Qxc6 17. fxe5 Nd5 18. Bxe7 Nxe7 19. Qh4 Nd5 20. Nxd5
exd5 21. Rxd5 O-O 22. Qg5 Rac8 23. Qf5 Qc4 24. R1d4 Qc6 25. g5 g6 26. Qe4 Qe6
27. h4 Rfe8 28. Rd1 b5 29. b3 Rc6 30. Kb2 Kg7 31. Qf3 Qc8 32. R1d2 Qc7 33. Rd6
Re6 34. Qf6+ Kf8 35. Rd8+ 1-0

[Event "XIV Miedzynarodowe Mistrzostwa Gdanska "]
[Site "CEN Gdansk"]
[Date "2012.??.??"]
[Round "5.9"]
[White "Gluszko, Monika"]
[Black "Suliborski, Artur"]
[Result "1-0"]
[WhiteElo "2015"]
[BlackElo "1797"]
[PlyCount "93"]
[EventDate "2012.??.??"]

1. e4 e6 2. d3 c5 3. Nf3 Nc6 4. g3 g6 5. Bg2 Bg7 6. Qe2 Nge7 7. O-O O-O 8. Re1
d6 9. Nbd2 Rb8 10. Nf1 b5 11. h4 Nd4 12. Nxd4 cxd4 13. h5 Qc7 14. Nh2 e5 15.
hxg6 hxg6 16. Ng4 Rb6 17. Kh2 Bxg4 18. Qxg4 Qxc2 19. Bg5 Rb7 20. Rh1 Re8 21.
Kg1 Qxb2 22. Rc1 Kf8 23. Qh4 Ng8 24. Rc6 Qb1+ 25. Kh2 Qb4 26. Rhc1 f6 27. f4
fxg5 28. Qxg5 Ne7 29. R6c2 Kg8 30. Bh3 exf4 31. Be6+ Kh7 32. Kg2 f3+ 33. Kf2
Ng8 34. Rh1+ Nh6 35. Bd5 Rbe7 36. g4 Re5 37. Rxh6+ Bxh6 38. Rc7+ Bg7 39. Qh4+
Rh5 40. gxh5 Qd2+ 41. Kxf3 Rf8+ 42. Bf7 Qxd3+ 43. Kg2 Qe2+ 44. Kg1 Qd1+ 45. Kg2
Qxh5 46. Bxg6+ Kh6 47. Qxh5# 1-0

[Event "XIV Miedzynarodowe Mistrzostwa Gdanska "]
[Site "CEN Gdansk"]
[Date "2012.??.??"]
[Round "5.11"]
[White "Keely, Leo A"]
[Black "Bugalski, Michal"]
[Result "1/2-1/2"]
[WhiteElo "1949"]
[BlackElo "2193"]
[PlyCount "61"]
[EventDate "2012.??.??"]

1. e4 e6 2. d4 d5 3. Nc3 Bb4 4. e5 c5 5. a3 Bxc3+ 6. bxc3 Ne7 7. Nf3 Nbc6 8. a4
Qa5 9. Qd2 cxd4 10. cxd4 Qxd2+ 11. Kxd2 Na5 12. Ba3 Nec6 13. Rb1 Bd7 14. Bd6 f6
15. Bd3 b6 16. Rhe1 Kf7 17. g4 h6 18. h4 Nb7 19. Ba3 Nba5 20. g5 f5 21. Rg1
Rhg8 22. Ke2 Nc4 23. Bc1 Rh8 24. Rg3 Ne7 25. h5 Bxa4 26. Bf4 Kf8 27. Nh4 Be8
28. g6 Bc6 29. Nf3 Bd7 30. Nd2 Nxd2 31. Bxd2 1/2-1/2

[Event "XIV Miedzynarodowe Mistrzostwa Gdanska "]
[Site "CEN Gdansk"]
[Date "2012.??.??"]
[Round "5.12"]
[White "Zielinski, Stanislaw"]
[Black "Cybulski, Ryszard"]
[Result "1-0"]
[WhiteElo "2139"]
[BlackElo "1925"]
[PlyCount "81"]
[EventDate "2012.??.??"]

1. e4 e5 2. Nf3 Nc6 3. Bc4 Nf6 4. d4 exd4 5. e5 d5 6. Bb5 Ne4 7. Nxd4 Bd7 8.
Bxc6 bxc6 9. O-O Be7 10. f3 Nc5 11. Be3 O-O 12. Nd2 Ne6 13. c3 f6 14. f4 fxe5
15. fxe5 Rxf1+ 16. Qxf1 Bg5 17. Qe2 Bxe3+ 18. Qxe3 Qg5 19. Qxg5 Nxg5 20. h4 Ne6
21. N2b3 Re8 22. Re1 Kf7 23. Kf2 g6 24. Re3 Ke7 25. Rf3 Rf8 26. Rxf8 Nxf8 27.
Ke3 h6 28. Kf4 Ne6+ 29. Nxe6 Bxe6 30. Ke3 Bc8 31. Nc5 g5 32. hxg5 hxg5 33. Kd4
Be6 34. b4 Bc8 35. a4 Be6 36. Nxe6 Kxe6 37. b5 cxb5 38. axb5 g4 39. g3 c6 40.
bxc6 a5 41. Kc5 1-0

[Event "XIV Miedzynarodowe Mistrzostwa Gdanska "]
[Site "CEN Gdansk"]
[Date "2012.??.??"]
[Round "5.13"]
[White "Zielinski, Wojciech"]
[Black "Plewa, Piotr"]
[Result "1-0"]
[WhiteElo "2122"]
[BlackElo "1900"]
[PlyCount "67"]
[EventDate "2012.??.??"]

1. e4 c5 2. Nf3 e6 3. d4 cxd4 4. Nxd4 a6 5. c4 Nf6 6. Nc3 Qc7 7. Nc2 d6 8. Be3
Be7 9. f4 b6 10. Bd3 Bb7 11. O-O Nbd7 12. Kh1 Nc5 13. Bxc5 bxc5 14. Qe2 O-O 15.
Rae1 Nd7 16. Rf3 Bf6 17. Rh3 g6 18. Ne3 Bg7 19. Rf1 Rae8 20. Qg4 Qd8 21. Qd1
Bc6 22. Ng4 Qa8 23. Qd2 f5 24. exf5 exf5 25. Ne3 Bxc3 26. Qxc3 Rxe3 27. Rxe3
Bxg2+ 28. Kg1 Bxf1 29. Bxf1 Re8 30. Bg2 Re4 31. Bxe4 fxe4 32. Qd2 Qc6 33. Qd5+
Qxd5 34. cxd5 1-0